Normal view
MARC view
- Love, Edmund G.
Entry Personal Name
001 - CONTROL NUMBER
- control field: 7674
003 - CONTROL NUMBER IDENTIFIER
- control field: NUST
005 - DATE AND TIME OF LATEST TRANSACTION
- control field: 20171227111326.0
008 - FIXED-LENGTH DATA ELEMENTS
- fixed length control field: 171227|| aca||aabn | a|a d
040 ## - CATALOGING SOURCE
- Original cataloging agency: NUST
- Transcribing agency: NUST
100 ## - HEADING--PERSONAL NAME
- Personal name: Love, Edmund G.
- General subdivision: Childhood and youth.
670 ## - SOURCE DATA FOUND
- Source citation: Work cat.: (NUST)0: Love, Edmund G. 7672, Hanging on, or, How to get through a depression and enjoy life /, 1987
